Central Library OPAC University of Rajshahi

প্রেম ও প্রকৃতি : (Record no. 86442)

MARC details
000 -LEADER
fixed length control field 00814nam a2200229 a 4500
001 - CONTROL NUMBER
control field 86442
003 - CONTROL NUMBER IDENTIFIER
rucl marc code BD-RjUL
005 - DATE AND TIME OF LATEST TRANSACTION
control field 20260506115126.0
008 - FIXED-LENGTH DATA ELEMENTS--GENERAL INFORMATION
fixed length control field 260506s2024 bg ||||| |||| 00| 0 ben d
020 ## - INTERNATIONAL STANDARD BOOK NUMBER
International Standard Book Number 9789849653985
035 ## - SYSTEM CONTROL NUMBER
System control number (BD-RjUL)86442
040 ## - CATALOGING SOURCE
Original cataloging agency BD-RjUL
Language of cataloging eng
Transcribing agency BD-RjUL
041 ## - LANGUAGE CODE
Language code of text/sound track or separate title ben
082 ## - DEWEY DECIMAL CLASSIFICATION NUMBER
Edition number 23
Classification number 891.441
Author mark and year REP 2024
100 ## - MAIN ENTRY--PERSONAL NAME
Personal name রেহানা, আক্তারুন্নাহার
9 (RLIN) 18352
245 ## - TITLE STATEMENT
Title প্রেম ও প্রকৃতি :
Remainder of title অনুকাব্য /
Statement of responsibility, etc. আক্তারুন্নাহার রেহানা
260 ## - PUBLICATION, DISTRIBUTION, ETC. (IMPRINT)
Place of publication, distribution, etc. ঢাকা :
Name of publisher, distributor, etc. অভিযান,
Date of publication, distribution, etc. ২০২৪
300 ## - PHYSICAL DESCRIPTION
Pagination ৮০,৮০ পৃ.;
Size ১৪ সেমি.
650 ## - SUBJECT ADDED ENTRY--TOPICAL TERM
Topical term or geographic name as entry element বাংলা কবিতা
9 (RLIN) 18372
Topical term or geographic name as entry element Bengali poetry
9 (RLIN) 18373
942 ## - ADDED ENTRY ELEMENTS (KOHA)
Source of classification or shelving scheme Dewey Decimal Classification
Koha item type Books
Holdings
Lost status Source of classification or shelving scheme Damaged status Not for loan Collection code Permanent Location Current Location Shelving location Date acquired Source of acquisition Cost, normal purchase price Total Checkouts Full call number Date last seen Copy number Koha item type
  Dewey Decimal Classification   Not For Loan Non-fiction Central Library, University of Rajshahi Central Library, University of Rajshahi Reading Room 20/04/2026 Author 300.00   B 891.441 REP 2024 06/05/2026 C-1 Books